[Event "CZE-chT2C 1819"]
[Site "Czech Republic"]
[Date "2019.03.31"]
[Round "11.8"]
[White "Cermak, Michal"]
[Black "Pochinkov, Andrey"]
[Result "1-0"]
[WhiteElo "2117"]
[BlackElo "2034"]
[PlyCount "79"]
[EventDate "2018.10.14"]
[EventType "team-tourn"]
[EventRounds "11"]
[EventCountry "CZE"]
[SourceTitle "EXT 2022"]
[Source "ChessBase"]
[SourceDate "2021.10.06"]
[SourceVersion "1"]
[SourceVersionDate "2021.10.06"]
[SourceQuality "1"]
[WhiteTeam "Lysa nad Labem III"]
[BlackTeam "Neratovice II"]
[WhiteTeamCountry "CZE"]
[BlackTeamCountry "CZE"]

1. d4 Nf6 2. c4 e6 3. Nc3 Bb4 4. a3 Bxc3+ 5. bxc3 c5 6. f3 d6 7. e4 e5 8. d5 h6 9. Bd3 Nbd7 10. Ne2 Qe7 11. Ng3 Nf8 12. Bc2 Ng6 13. Ba4+ Kf8 14. Be3 Nf4 15. Qd2 g5 16. Rb1 h5 17. 0-0 h4 18. Nh1 Kg7 19. Rb2 Rb8 20. Rfb1 b6 21. Nf2 N6h5 22. Bc6 Ba6 23. Bb5 Bb7 24. a4 a6 25. Bc6 Bxc6 26. dxc6 Qc7 27. Bxf4 Nxf4 28. Nh3 Kf6 29. Nxf4 gxf4 30. Qd5 Ke7 31. a5 b5 32. cxb5 axb5 33. Rxb5 Rxb5 34. Rxb5 Rb8 35. Rb7 Rxb7 36. cxb7 Kf6 37. Qb3 c4 38. Qb5 Qb8 39. Qb6 h3 40. a6 1-0

[Event "CZE-chT2C 1415"]
[Site "Czech Republic"]
[Date "2015.04.19"]
[Round "11.8"]
[White "Stehlik, Jiri"]
[Black "Cermak, Michal"]
[Result "0-1"]
[WhiteElo "1895"]
[BlackElo "2019"]
[PlyCount "75"]
[EventDate "2014.11.02"]
[EventType "team-tourn"]
[EventRounds "11"]
[EventCountry "CZE"]
[SourceTitle "EXT 2022"]
[Source "ChessBase"]
[SourceDate "2021.10.06"]
[SourceVersion "1"]
[SourceVersionDate "2021.10.06"]
[SourceQuality "1"]
[WhiteTeam "Kolin"]
[BlackTeam "Lysa nad Labem III"]
[WhiteTeamCountry "CZE"]
[BlackTeamCountry "CZE"]

1. Nf3 Nf6 2. c4 c6 3. g3 d5 4. Qb3 g6 5. Bg2 Bg7 6. 0-0 0-0 7. d4 dxc4 8. Qxc4 Be6 9. Qa4 b5 10. Qc2 Bf5 11. Qd1 Qb6 12. a4 b4 13. Nbd2 Rd8 14. Re1 Ne4 15. e3 Nxd2 16. Bxd2 Na6 17. Qe2 Rac8 18. Bf1 Nc7 19. a5 Qb7 20. a6 Qb6 21. Ra4 c5 22. dxc5 Qxc5 23. Bxb4 Qc6 24. Ra3 Rb8 25. Bxe7 Rxb2 26. Bxd8 Rxe2 27. Bxe2 Qd6 28. Bxc7 Qxa3 29. Be5 Bxe5 30. Nxe5 Qa5 31. Nf3 Bc8 32. Rd1 Bxa6 33. Bxa6 Qxa6 34. Rd2 Qc6 35. Ne1 a5 36. f3 a4 37. Nc2 Qxf3 38. Rd3 0-1

[Event "CZE-chT2C 1415"]
[Site "Czech Republic"]
[Date "2015.03.29"]
[Round "10.6"]
[White "Cermak, Michal"]
[Black "Mouryc, Tomas"]
[Result "1-0"]
[WhiteElo "2019"]
[BlackElo "1971"]
[PlyCount "57"]
[EventDate "2014.11.02"]
[EventType "team-tourn"]
[EventRounds "11"]
[EventCountry "CZE"]
[SourceTitle "EXT 2022"]
[Source "ChessBase"]
[SourceDate "2021.10.06"]
[SourceVersion "1"]
[SourceVersionDate "2021.10.06"]
[SourceQuality "1"]
[WhiteTeam "Lysa nad Labem III"]
[BlackTeam "Jihlava Silko Gambit"]
[WhiteTeamCountry "CZE"]
[BlackTeamCountry "CZE"]

1. c4 Nf6 2. Nc3 c6 3. Nf3 d5 4. d4 g6 5. Bf4 Bg7 6. h3 0-0 7. e3 Nbd7 8. Bd3 a6 9. cxd5 Nxd5 10. Nxd5 cxd5 11. 0-0 Nb8 12. Rc1 Nc6 13. Qb3 Re8 14. Rc2 e6 15. Rfc1 Bf8 16. a3 Ra7 17. Rc3 Bd7 18. Qc2 Ra8 19. h4 Rc8 20. h5 f5 21. Qe2 Be7 22. hxg6 hxg6 23. Ne5 Kg7 24. Bxa6 Nxd4 25. exd4 Rxc3 26. Rxc3 bxa6 27. Nxd7 Qxd7 28. Rc7 Qb5 29. Qxe6 1-0

[Event "CZE-chT2C 1415"]
[Site "Czech Republic"]
[Date "2015.01.25"]
[Round "6.8"]
[White "Cermak, Michal"]
[Black "Lacina, Filip1"]
[Result "1-0"]
[WhiteElo "2019"]
[BlackElo "2045"]
[PlyCount "101"]
[EventDate "2014.11.02"]
[EventType "team-tourn"]
[EventRounds "11"]
[EventCountry "CZE"]
[SourceTitle "EXT 2022"]
[Source "ChessBase"]
[SourceDate "2021.10.06"]
[SourceVersion "1"]
[SourceVersionDate "2021.10.06"]
[SourceQuality "1"]
[WhiteTeam "Lysa nad Labem III"]
[BlackTeam "Vysehrad II"]
[WhiteTeamCountry "CZE"]
[BlackTeamCountry "CZE"]

1. d4 Nf6 2. c4 g6 3. Nc3 Bg7 4. Nf3 0-0 5. e4 d6 6. Bg5 h6 7. Bh4 Bg4 8. h3 Bxf3 9. Qxf3 Nbd7 10. Bd3 c5 11. d5 Ne5 12. Qe3 Nh5 13. Be2 b5 14. cxb5 g5 15. Bxh5 gxh4 16. 0-0 a6 17. Be2 axb5 18. Nxb5 Ra5 19. a4 Qa8 20. b3 c4 21. bxc4 Rxa4 22. Rxa4 Qxa4 23. Rc1 Rc8 24. Nd4 Nxc4 25. Bxc4 Rxc4 26. Rxc4 Qxc4 27. Nf5 Bf6 28. Nxh6+ Kf8 29. Nf5 Ke8 30. f4 Qa2 31. Kh2 Qc2 32. Qe1 Qc4 33. Nxh4 Bc3 34. Qe3 Bd4 35. Qf3 Qc1 36. Nf5 Qg1+ 37. Kg3 Qe1+ 38. Kg4 Bf6 39. g3 Kd7 40. Qd3 Kd8 41. Qc2 Bc3 42. h4 Bd2 43. Nd4 Bc3 44. Nb5 Ba5 45. h5 Qh1 46. Na7 Bc7 47. Nc6+ Kd7 48. Nxe7 Kxe7 49. Qxc7+ Ke8 50. Qc8+ Ke7 51. Qf5 1-0

[Event "Pardubice Czech op-B 23rd"]
[Site "Pardubice"]
[Date "2012.07.21"]
[Round "2"]
[White "Klenburg, Mikhail"]
[Black "Cermak, Michal"]
[Result "1-0"]
[WhiteElo "2370"]
[BlackElo "1961"]
[PlyCount "86"]
[EventDate "2012.07.20"]
[EventType "swiss"]
[EventRounds "9"]
[EventCountry "CZE"]
[SourceTitle "EXT 2013"]
[Source "ChessBase"]
[SourceDate "2012.11.22"]
[SourceVersion "1"]
[SourceVersionDate "2012.11.22"]
[SourceQuality "1"]

1. g3 g6 2. Bg2 Bg7 3. c4 c5 4. Nc3 Nc6 5. d3 d6 6. Nh3 Nf6 7. Nf4 0-0 8. h4 h6 9. Bd2 Bd7 10. Qc1 Kh7 11. h5 g5 12. Nfd5 Nxd5 13. cxd5 Nd4 14. e3 Nf5 15. Qc2 Kg8 16. 0-0-0 b5 17. Be4 b4 18. Ne2 Rb8 19. Kb1 e6 20. g4 Ne7 21. f4 exd5 22. Bf3 f6 23. f5 Qb6 24. Nc1 Rfc8 25. Be1 Be8 26. Bg3 Bf7 27. Qh2 Rd8 28. Rhe1 Bf8 29. Qg2 a5 30. Re2 a4 31. Ka1 Rbc8 32. Qh1 c4 33. d4 Qb5 34. a3 bxa3 35. Na2 axb2+ 36. Rxb2 Qc6 37. Rdb1 Qa8 38. Nc3 Re8 39. Rb5 Rb8 40. Be2 Rxb5 41. Rxb5 Rb8 42. Qb1 Rxb5 43. Qxb5 Kg7 1-0

[Event "CZE-chT2C 1011"]
[Site "Czech Republic"]
[Date "2011.01.23"]
[Round "6.7"]
[White "Horinek, Karel"]
[Black "Cermak, Michal"]
[Result "1-0"]
[WhiteElo "2054"]
[BlackElo "2041"]
[PlyCount "147"]
[EventDate "2010.10.17"]
[EventType "team-tourn"]
[EventRounds "11"]
[EventCountry "CZE"]
[SourceTitle "EXT 2012"]
[Source "ChessBase"]
[SourceDate "2011.11.24"]
[SourceVersion "1"]
[SourceVersionDate "2011.11.24"]
[SourceQuality "1"]
[WhiteTeam "Neratovice"]
[BlackTeam "Lysa nad Labem II"]
[WhiteTeamCountry "CZE"]
[BlackTeamCountry "CZE"]

1. e4 e5 2. Bc4 Nf6 3. d4 exd4 4. Nf3 Bc5 5. e5 d5 6. Bb5+ Bd7 7. Nxd4 Bxd4 8. Bxd7+ Qxd7 9. Qxd4 Nc6 10. Qe3 Ng4 11. Qe2 Qf5 12. h3 Ngxe5 13. f4 0-0-0 14. fxe5 Nd4 15. Qd3 Nxc2+ 16. Kd2 Qg5+ 17. Kxc2 Qxg2+ 18. Bd2 Qxh1 19. a4 Rhe8 20. Qf5+ Re6 21. Ra3 d4 22. Rf3 g6 23. Qd3 Rxe5 24. Na3 Rc5+ 25. Kb3 f5 26. Bg5 Re8 27. Nb5 a6 28. Na3 Qg2 29. h4 Re2 30. Nc4 b5 31. Nd2 Rd5 32. Rg3 Re3 33. Rxe3 dxe3 34. Qxe3 bxa4+ 35. Kxa4 Qg4+ 36. b4 Rd4 37. Qc3 Kb7 38. Nb3 Rd6 39. Na5+ Kc8 40. Qh8+ Kd7 41. Qxh7+ Ke6 42. Qxg6+ Ke5 43. Qg7+ Ke4 44. Qe7+ Kf3 45. Qxc7 Re6 46. Nb3 Kg2 47. Qc2+ Re2 48. Nd2 Qd4 49. Qxf5 Qa1+ 50. Kb3 Qd1+ 51. Qc2 Qe1 52. Qc6+ Kf2 53. Qf3+ Kg1 54. Kc2 Qf2 55. Qxf2+ Kxf2 56. Kb3 Re5 57. Ka4 Ke2 58. Nb3 Kd3 59. Nc5+ Kc4 60. Nxa6 Re1 61. Ka5 Re6 62. b5 Re1 63. Nc7 Kc5 64. Ka6 Re5 65. Kb7 Re1 66. b6 Rb1 67. Be3+ Kd6 68. Na6 Rh1 69. Bg5 Rb1 70. Ka7 Kc6 71. Nb8+ Kb5 72. Kb7 Rf1 73. Nd7 Rf3 74. Bd8 1-0

[Event "Sec Svetla op"]
[Site "Sec u Chrudimi"]
[Date "2008.11.01"]
[Round "9"]
[White "Cermak, Michal"]
[Black "Marik, Miloslav"]
[Result "1-0"]
[WhiteElo "1860"]
[BlackElo "1922"]
[PlyCount "57"]
[EventDate "2008.10.25"]
[EventType "swiss"]
[EventRounds "9"]
[EventCountry "CZE"]
[SourceTitle "EXT 2023"]
[Source "ChessBase"]
[SourceDate "2022.10.05"]
[SourceVersion "1"]
[SourceVersionDate "2022.10.05"]
[SourceQuality "1"]

1. e4 c5 2. Nf3 Nc6 3. d4 cxd4 4. Nxd4 Nf6 5. Nc3 e5 6. Ndb5 d6 7. Bg5 a6 8. Na3 b5 9. Bxf6 gxf6 10. Nd5 Bg7 11. c3 Ne7 12. Nc2 f5 13. exf5 Bxf5 14. Nce3 Bg6 15. h4 h6 16. Bd3 e4 17. Bc2 0-0 18. Qg4 Nxd5 19. Nxd5 Re8 20. 0-0 Re5 21. Bb3 h5 22. Qg3 Ra7 23. Nf4 Kh7 24. Rfe1 Rd7 25. Nd5 Bh6 26. a4 f5 27. axb5 axb5 28. Nf4 Be8 29. Qg8# 1-0

[Event "Sec Svetla op"]
[Site "Sec u Chrudimi"]
[Date "2008.10.30"]
[Round "7"]
[White "Sladek, Jaroslav"]
[Black "Cermak, Michal"]
[Result "1/2-1/2"]
[WhiteElo "2036"]
[BlackElo "1860"]
[PlyCount "34"]
[EventDate "2008.10.25"]
[EventType "swiss"]
[EventRounds "9"]
[EventCountry "CZE"]
[SourceTitle "EXT 2023"]
[Source "ChessBase"]
[SourceDate "2022.10.05"]
[SourceVersion "1"]
[SourceVersionDate "2022.10.05"]
[SourceQuality "1"]

1. e4 c5 2. Nf3 d6 3. d4 cxd4 4. Nxd4 Nf6 5. Nc3 a6 6. a4 Qc7 7. Be2 b6 8. f4 Bb7 9. Bf3 Nbd7 10. 0-0 e6 11. Qe2 Rc8 12. Nb3 Be7 13. Be3 0-0 14. g4 Nc5 15. Nxc5 dxc5 16. e5 Nd5 17. Ne4 c4 1/2-1/2

[Event "Sec Svetla op"]
[Site "Sec u Chrudimi"]
[Date "2008.10.28"]
[Round "4"]
[White "Cermak, Michal"]
[Black "Schmalz, Michal"]
[Result "0-1"]
[WhiteElo "1860"]
[BlackElo "1992"]
[PlyCount "24"]
[EventDate "2008.10.25"]
[EventType "swiss"]
[EventRounds "9"]
[EventCountry "CZE"]
[SourceTitle "EXT 2023"]
[Source "ChessBase"]
[SourceDate "2022.10.05"]
[SourceVersion "1"]
[SourceVersionDate "2022.10.05"]
[SourceQuality "1"]

1. e4 c6 2. d4 d5 3. exd5 cxd5 4. c4 Nf6 5. Nc3 g6 6. Nf3 Bg7 7. Bg5 Ne4 8. Nxd5 Nxg5 9. Nxg5 e6 10. Qf3 0-0 11. Qh3 Qxg5 12. Nc7 Qa5+ 0-1

[Event "Sec Svetla op"]
[Site "Sec u Chrudimi"]
[Date "2008.10.28"]
[Round "5"]
[White "Cesanek, Jaroslav"]
[Black "Cermak, Michal"]
[Result "1/2-1/2"]
[WhiteElo "1750"]
[BlackElo "1860"]
[PlyCount "33"]
[EventDate "2008.10.25"]
[EventType "swiss"]
[EventRounds "9"]
[EventCountry "CZE"]
[SourceTitle "EXT 2023"]
[Source "ChessBase"]
[SourceDate "2022.10.05"]
[SourceVersion "1"]
[SourceVersionDate "2022.10.05"]
[SourceQuality "1"]

1. d4 Nf6 2. c4 g6 3. Nc3 Bg7 4. e4 d6 5. f3 0-0 6. Be3 c6 7. Bd3 e5 8. Nge2 Ne8 9. Qd2 f5 10. f4 Nd7 11. 0-0 Nb6 12. dxe5 dxe5 13. c5 Nd7 14. fxe5 Kh8 15. exf5 Nxe5 16. Bc2 Qxd2 17. Bxd2 1/2-1/2

[Event "CZE-ch Juniors op-A"]
[Site "Sec u Chrudimi"]
[Date "2008.03.15"]
[Round "9"]
[White "Cermak, Michal"]
[Black "Stukheil, Martin"]
[Result "1/2-1/2"]
[WhiteElo "1837"]
[BlackElo "1878"]
[PlyCount "62"]
[EventDate "2008.03.08"]
[EventType "swiss"]
[EventRounds "9"]
[EventCountry "CZE"]
[SourceTitle "EXT 2009"]
[Source "ChessBase"]
[SourceDate "2008.11.26"]
[SourceVersion "1"]
[SourceVersionDate "2008.11.26"]
[SourceQuality "1"]

1. e4 e5 2. Nf3 Nf6 3. Nc3 Nc6 4. d4 exd4 5. Nxd4 Bb4 6. Nxc6 bxc6 7. Bd3 d5 8. exd5 cxd5 9. 0-0 0-0 10. Bg5 c6 11. h3 Be6 12. Qf3 Be7 13. Rfe1 Rb8 14. Rab1 Re8 15. Ne2 c5 16. Nf4 c4 17. Bf1 Bd6 18. Nxe6 Rxe6 19. Rxe6 fxe6 20. Bxf6 Qxf6 21. Qxf6 gxf6 22. b3 cxb3 23. Rxb3 Kf7 24. Rxb8 Bxb8 25. Bd3 h6 26. Kf1 e5 27. Bf5 Ke7 28. Ke2 Kd6 29. Ke3 Kc5 30. Kd3 Kb4 31. Be6 Kc5 1/2-1/2

[Event "CZE-ch Juniors op-A"]
[Site "Sec u Chrudimi"]
[Date "2008.03.13"]
[Round "7"]
[White "Cermak, Michal"]
[Black "Slepankova, Radka"]
[Result "1/2-1/2"]
[WhiteElo "1837"]
[BlackElo "2033"]
[PlyCount "88"]
[EventDate "2008.03.08"]
[EventType "swiss"]
[EventRounds "9"]
[EventCountry "CZE"]
[SourceTitle "EXT 2009"]
[Source "ChessBase"]
[SourceDate "2008.11.26"]
[SourceVersion "1"]
[SourceVersionDate "2008.11.26"]
[SourceQuality "1"]

1. e4 c5 2. Nf3 Nc6 3. d4 cxd4 4. Nxd4 Nf6 5. Nc3 e5 6. Ndb5 d6 7. Bg5 a6 8. Na3 b5 9. Bxf6 gxf6 10. Nd5 Bg7 11. c3 Ne7 12. Nc2 f5 13. exf5 Bxf5 14. Nce3 Be6 15. g3 0-0 16. Bg2 Rc8 17. 0-0 f5 18. a4 f4 19. Nxe7+ Qxe7 20. Nd5 Qf7 21. Qf3 Rc5 22. Rfd1 e4 23. Qxe4 f3 24. Nf4 Bb3 25. Bxf3 Bxd1 26. Rxd1 Re5 27. Qc6 Qe8 28. axb5 axb5 29. Rxd6 Re1+ 30. Kg2 Qxc6 31. Rxc6 Rb1 32. Be4 Rxb2 33. Rc7 Re8 34. Bf5 Rb3 35. Be6+ Rxe6 36. Nxe6 Bxc3 37. Nc5 Ra3 38. Rb7 b4 39. Kf1 Bd4 40. Ne6 Bc3 41. Nc5 Ra1+ 42. Ke2 Re1+ 43. Kf3 Rb1 44. Ke3 Re1+ 1/2-1/2

[Event "Zdar nad Sazavou Vysocina op-B 4th"]
[Site "Zdar nad Sazavou"]
[Date "2007.09.28"]
[Round "8"]
[White "Prokopova, Jirina"]
[Black "Cermak, Michal"]
[Result "0-1"]
[WhiteElo "1554"]
[BlackElo "1781"]
[PlyCount "55"]
[EventDate "2007.09.22"]
[EventType "swiss"]
[EventRounds "9"]
[EventCountry "CZE"]
[SourceTitle "EXT 2008"]
[Source "ChessBase"]
[SourceDate "2007.11.25"]
[SourceVersion "1"]
[SourceVersionDate "2007.11.25"]
[SourceQuality "1"]

1. e4 c5 2. d4 cxd4 3. c3 dxc3 4. Nxc3 Nc6 5. Nf3 d6 6. Bc4 Nf6 7. 0-0 g6 8. Qe2 Bg4 9. Rd1 Bxf3 10. Qxf3 Bg7 11. Bf4 Qa5 12. Rac1 0-0 13. Nd5 Nxd5 14. Rxd5 Qc7 15. b3 a6 16. a4 Rac8 17. h4 Be5 18. Bxe5 dxe5 19. Rcd1 Rcd8 20. Rxd8 Nxd8 21. Qd3 Nc6 22. Qd7 Qb6 23. a5 Qb4 24. Qc7 Nxa5 25. Qxe5 Nxb3 26. Qd5 Na5 27. Ba2 Nc6 28. Qd7 0-1

[Event "CZE-ch Juniors op-A"]
[Site "Sec u Chrudimi"]
[Date "2007.03.16"]
[Round "8"]
[White "Cermak, Michal"]
[Black "Stary, Lukas"]
[Result "1/2-1/2"]
[WhiteElo "1629"]
[BlackElo "1859"]
[PlyCount "59"]
[EventDate "2007.03.10"]
[EventType "swiss"]
[EventRounds "9"]
[EventCountry "CZE"]
[SourceTitle "EXT 2008"]
[Source "ChessBase"]
[SourceDate "2007.11.25"]
[SourceVersion "1"]
[SourceVersionDate "2007.11.25"]
[SourceQuality "1"]

1. e4 d5 2. exd5 Qxd5 3. Nc3 Qa5 4. d4 c6 5. Bd2 Bf5 6. Bc4 Nd7 7. Qe2 Qc7 8. 0-0-0 Ngf6 9. Nf3 e6 10. Nh4 Bg6 11. Nxg6 hxg6 12. g3 0-0-0 13. Be3 Bb4 14. Rd3 Nb6 15. Bb3 Rh3 16. a3 Bxc3 17. Rxc3 Rdh8 18. Bf4 Qd7 19. Qe5 Kd8 20. Bg5 Rxh2 21. Bxf6+ gxf6 22. Qxf6+ Kc7 23. Rxh2 Rxh2 24. Kb1 Rh1+ 25. Ka2 Nd5 26. Qe5+ Qd6 27. Rf3 Rh7 28. Qe1 Ne7 29. Qa5+ Kb8 30. Qe5 1/2-1/2

[Event "CZE-ch Juniors op-A"]
[Site "Sec u Chrudimi"]
[Date "2007.03.15"]
[Round "7"]
[White "Stukheil, Martin"]
[Black "Cermak, Michal"]
[Result "1-0"]
[WhiteElo "1892"]
[BlackElo "1629"]
[PlyCount "75"]
[EventDate "2007.03.10"]
[EventType "swiss"]
[EventRounds "9"]
[EventCountry "CZE"]
[SourceTitle "EXT 2008"]
[Source "ChessBase"]
[SourceDate "2007.11.25"]
[SourceVersion "1"]
[SourceVersionDate "2007.11.25"]
[SourceQuality "1"]

1. e4 e5 2. Nf3 d6 3. d4 Nf6 4. Nc3 exd4 5. Nxd4 Be7 6. Bc4 0-0 7. 0-0 Nbd7 8. a4 Ne5 9. Bb3 Re8 10. Re1 Ng6 11. h3 h6 12. f4 Nh7 13. Nf3 Bf6 14. Qd3 Be6 15. Bxe6 fxe6 16. e5 Bh4 17. Qxg6 Bxe1 18. Nxe1 dxe5 19. fxe5 Qd4+ 20. Kh1 Qxe5 21. Bxh6 Re7 22. Nf3 Qd6 23. Ng5 Nf8 24. Qe4 gxh6 25. Qxb7 Rd8 26. Nge4 Qd4 27. Rd1 Qxd1+ 28. Nxd1 Rxd1+ 29. Kh2 Rf7 30. Qxa7 Rdf1 31. Qe3 Kg7 32. a5 Ra1 33. b4 Ra2 34. Qc3+ Kg8 35. Nf6+ Kg7 36. Ne8+ Kh7 37. Nxc7 e5 38. Qc4 1-0

[Event "CZE-ch Juniors op-A"]
[Site "Sec u Chrudimi"]
[Date "2007.03.14"]
[Round "6"]
[White "Cermak, Michal"]
[Black "Ruzicka, Ales"]
[Result "0-1"]
[WhiteElo "1629"]
[BlackElo "1907"]
[PlyCount "54"]
[EventDate "2007.03.10"]
[EventType "swiss"]
[EventRounds "9"]
[EventCountry "CZE"]
[SourceTitle "EXT 2008"]
[Source "ChessBase"]
[SourceDate "2007.11.25"]
[SourceVersion "1"]
[SourceVersionDate "2007.11.25"]
[SourceQuality "1"]

1. e4 c5 2. Nf3 d6 3. d4 cxd4 4. Nxd4 Nf6 5. Nc3 a6 6. Bd3 e5 7. Nf3 Be7 8. 0-0 0-0 9. h3 h6 10. Be3 Be6 11. Qd2 Nbd7 12. Rac1 Rc8 13. Rfe1 Qc7 14. Nh2 b5 15. a3 Rfd8 16. f4 exf4 17. Bxf4 Ne5 18. Nf3 Qc5+ 19. Be3 Nxf3+ 20. gxf3 Qh5 21. Kf2 Qh4+ 22. Ke2 Qxh3 23. Rh1 Qg2+ 24. Bf2 Ng4 25. Rcf1 Bg5 26. Qe1 Ne5 27. Kd1 Nxf3 0-1

[Event "CZE-ch Juniors op-A"]
[Site "Sec u Chrudimi"]
[Date "2007.03.13"]
[Round "5"]
[White "Kriz, Daniel"]
[Black "Cermak, Michal"]
[Result "1/2-1/2"]
[WhiteElo "1956"]
[BlackElo "1629"]
[PlyCount "34"]
[EventDate "2007.03.10"]
[EventType "swiss"]
[EventRounds "9"]
[EventCountry "CZE"]
[SourceTitle "EXT 2008"]
[Source "ChessBase"]
[SourceDate "2007.11.25"]
[SourceVersion "1"]
[SourceVersionDate "2007.11.25"]
[SourceQuality "1"]

1. c4 e5 2. Nc3 Nc6 3. g3 Bc5 4. Bg2 Nf6 5. e3 0-0 6. Nge2 Re8 7. 0-0 d6 8. d4 exd4 9. exd4 Bb6 10. Na4 Qe7 11. Nxb6 axb6 12. Nc3 h6 13. a3 Bf5 14. Bf4 Qd7 15. b4 Re7 16. Qd2 Kh7 17. Be3 Rae8 1/2-1/2

[Event "CZE-ch Juniors op-A"]
[Site "Sec u Chrudimi"]
[Date "2007.03.12"]
[Round "3"]
[White "Reitingerova, Iveta"]
[Black "Cermak, Michal"]
[Result "0-1"]
[WhiteElo "1988"]
[BlackElo "1629"]
[PlyCount "42"]
[EventDate "2007.03.10"]
[EventType "swiss"]
[EventRounds "9"]
[EventCountry "CZE"]
[SourceTitle "EXT 2008"]
[Source "ChessBase"]
[SourceDate "2007.11.25"]
[SourceVersion "1"]
[SourceVersionDate "2007.11.25"]
[SourceQuality "1"]

1. e4 e5 2. Nf3 d6 3. Nc3 Bg4 4. Be2 Nf6 5. d3 Be7 6. Be3 0-0 7. h3 Bh5 8. Qd2 Nc6 9. 0-0 Bg6 10. Bg5 Nh5 11. Bxe7 Nxe7 12. d4 Nc6 13. Rad1 exd4 14. Nxd4 Nxd4 15. Qxd4 Nf4 16. Bc4 Qg5 17. g3 Nxh3+ 18. Kh2 Qh6 19. Rh1 Nxf2+ 20. Kg2 Nxh1 21. Rxh1 Qg5 0-1

[Event "CZE-chT2c 0607"]
[Site "Czech Republic"]
[Date "2006.11.19"]
[Round "3.7"]
[White "Horak, Vladimir"]
[Black "Cermak, Michal"]
[Result "0-1"]
[WhiteElo "2090"]
[BlackElo "2031"]
[PlyCount "74"]
[EventDate "2006.10.15"]
[EventType "team-tourn"]
[EventRounds "11"]
[EventCountry "CZE"]
[SourceTitle "EXT 2008"]
[Source "ChessBase"]
[SourceDate "2007.11.25"]
[SourceVersion "1"]
[SourceVersionDate "2007.11.25"]
[SourceQuality "1"]
[WhiteTeam "Vlasim"]
[BlackTeam "Lysa nad Labem"]
[WhiteTeamCountry "CZE"]
[BlackTeamCountry "CZE"]

1. d4 d5 2. Nf3 c5 3. e3 Nf6 4. c3 Nc6 5. Bd3 Bg4 6. Nbd2 e6 7. 0-0 Be7 8. Qa4 0-0 9. Ne5 Qc7 10. Nxg4 Nxg4 11. Nf3 f5 12. h3 Nf6 13. Ng5 Qd7 14. Bb5 Rfc8 15. Nf3 a6 16. Bxc6 Qxc6 17. Qxc6 Rxc6 18. Ne5 Rcc8 19. dxc5 Rxc5 20. Nd3 Rc4 21. f3 Bd6 22. Bd2 Rac8 23. Rfd1 g5 24. Nf2 g4 25. hxg4 fxg4 26. b3 R4c7 27. fxg4 Rg7 28. g5 Rxg5 29. e4 Rg3 30. exd5 exd5 31. Re1 Bc5 32. Kf1 Rf8 33. Bh6 Rf7 34. Rad1 Ne4 35. Rxe4 Rxf2+ 36. Ke1 dxe4 37. Rd8+ Kf7 0-1

[Event "CZE-chT3A Middle 0506  "]
[Site "Czech Republic"]
[Date "2006.04.02"]
[Round "11.4"]
[White "Cermak, Michal"]
[Black "Horak, Otakar"]
[Result "0-1"]
[WhiteElo "2013"]
[BlackElo "2098"]
[PlyCount "75"]
[EventDate "2005.10.30"]
[EventType "team-tourn"]
[EventRounds "11"]
[EventCountry "CZE"]
[SourceTitle "EXT 2009"]
[Source "ChessBase"]
[SourceDate "2008.11.26"]
[SourceVersion "1"]
[SourceVersionDate "2008.11.26"]
[SourceQuality "1"]

1. e4 c5 2. c3 Nf6 3. e5 Nd5 4. d4 cxd4 5. cxd4 d6 6. Qb3 e6 7. Nf3 Nc6 8. Nbd2 Be7 9. Ne4 dxe5 10. dxe5 0-0 11. a3 Qc7 12. Bd3 Nxe5 13. Nxe5 Qxe5 14. 0-0 b6 15. Bd2 Bb7 16. Rfe1 Qb8 17. Rad1 Rd8 18. Bb1 Nf6 19. Ng5 h6 20. Nxf7 Bd5 21. Nxh6+ gxh6 22. Qh3 Kf7 23. Bxh6 Qd6 24. Be4 Rh8 25. Re3 Bxe4 26. Rxd6 Bxd6 27. Rxe4 Nxe4 28. Qh5+ Ke7 29. Qg6 Rag8 30. Qxe4 Rxh6 31. Qb7+ Kf6 32. Qxa7 Bxh2+ 33. Kf1 Be5 34. g3 Bd4 35. Qa4 Rd8 36. b4 Rh2 37. f4 Rc8 38. Qd1 0-1

[Event "CZE-chT3A Middle 0506  "]
[Site "Czech Republic"]
[Date "2006.02.05"]
[Round "7.3"]
[White "Cermak, Michal"]
[Black "Skacel, Tomas"]
[Result "1-0"]
[WhiteElo "2013"]
[BlackElo "1803"]
[PlyCount "65"]
[EventDate "2005.10.30"]
[EventType "team-tourn"]
[EventRounds "11"]
[EventCountry "CZE"]
[SourceTitle "EXT 2009"]
[Source "ChessBase"]
[SourceDate "2008.11.26"]
[SourceVersion "1"]
[SourceVersionDate "2008.11.26"]
[SourceQuality "1"]

1. e4 c5 2. b3 Nc6 3. Bb2 d6 4. h3 e6 5. Nf3 Nf6 6. Nc3 g6 7. Bb5 e5 8. 0-0 Bh6 9. Re1 0-0 10. Bf1 Ne8 11. Nd5 f5 12. d3 Nf6 13. c3 Nxd5 14. exd5 Ne7 15. c4 f4 16. d4 exd4 17. Nxd4 cxd4 18. Qxd4 Nf5 19. Qh8+ Kf7 20. Qxh7+ Bg7 21. Re6 Qg5 22. Bxg7 Nxg7 23. h4 Qf5 24. Rxd6 Qh5 25. Qxh5 Nxh5 26. Bd3 Rg8 27. Re1 Bg4 28. f3 Bc8 29. c5 Nf6 30. b4 Bd7 31. c6 bxc6 32. dxc6 Be8 33. Bc4+ 1-0

[Event "CZE-chT3A Middle 0506  "]
[Site "Czech Republic"]
[Date "2006.01.22"]
[Round "6.4"]
[White "Cermak, Michal"]
[Black "Machacek, Martin"]
[Result "1-0"]
[WhiteElo "2013"]
[BlackElo "2130"]
[PlyCount "83"]
[EventDate "2005.10.30"]
[EventType "team-tourn"]
[EventRounds "11"]
[EventCountry "CZE"]
[SourceTitle "EXT 2009"]
[Source "ChessBase"]
[SourceDate "2008.11.26"]
[SourceVersion "1"]
[SourceVersionDate "2008.11.26"]
[SourceQuality "1"]

1. e4 e5 2. Nf3 Nc6 3. Bc4 Nd4 4. c3 Nxf3+ 5. Qxf3 Qf6 6. d4 d6 7. Be3 h5 8. Nd2 Qg6 9. Qg3 Ne7 10. 0-0-0 h4 11. Qxg6 Nxg6 12. h3 Bd7 13. Rhf1 f6 14. Kb1 a6 15. Bd3 0-0-0 16. d5 Ne7 17. Kc2 g5 18. f3 Ng6 19. Rfe1 Nf4 20. Bf1 Be7 21. Ra1 Rhg8 22. a4 f5 23. b4 Bf6 24. a5 g4 25. c4 gxh3 26. gxh3 Ng2 27. Re2 Nxe3+ 28. Rxe3 Rg3 29. b5 Bg5 30. Rb3 axb5 31. cxb5 Bxd2 32. Kxd2 fxe4 33. b6 c5 34. a6 bxa6 35. Rxa6 Bxh3 36. Bxh3+ Rxh3 37. Ra8+ Kb7 38. Rxd8 Rxf3 39. Rd7+ Kb8 40. Rxf3 exf3 41. Ke3 e4 42. Rxd6 1-0